Normal view
MARC view
Entry Personal Name
001 - CONTROL NUMBER
- control field: 8342
003 - CONTROL NUMBER IDENTIFIER
- control field: BD-RjUL
005 - DATE AND TIME OF LATEST TRANSACTION
- control field: 20230814125425.0
008 - FIXED-LENGTH DATA ELEMENTS
- fixed length control field: 230814|| aca||aabn | a|a d
040 ## - CATALOGING SOURCE
- Original cataloging agency: BD-RjUL
- Transcribing agency: BD-RjUL
100 ## - HEADING--PERSONAL NAME
- Personal name: ʻĀbidī, Sayyid Ṣafdar Ḥusain,
- Dates associated with a name: 1941-
670 ## - SOURCE DATA FOUND
- Source citation: Work cat.: (BD-RjUL)81687: ʻĀbidī, Sayyid Ṣafdar Ḥusain, 1941-, ماني جائسي : حيات و شاعري = Mānī Jāʼisī : a classified study on the life & works of a renowned urdu poetl./, [1975]